| 000 | 00672 a2200169 4500 | ||
|---|---|---|---|
| 020 | _a074944925X | ||
| 020 | _a9780749449254 | ||
| 082 |
_a332.644 _bSHI |
||
| 100 | 1 |
_aShipman, Mark. _999645 |
|
| 245 | 1 | 4 |
_aThe next big investment boom : _blearn the secrets of investing from a master and how to profit from commodities / _cMark Shipman. |
| 260 |
_aLondon : _bKogan Page India, _c2006. |
||
| 300 |
_a179 p. ; _c23 cm. |
||
| 500 | _aPaperback. | ||
| 856 | 4 | 0 |
_3Amazon.com _uhttp://www.amazon.com/exec/obidos/ASIN/074944925X/chopaconline-20 |
| 856 | 4 | 0 |
_3Amazon customer reviews _uhttp://www.chopac.org/cgi-bin/tools/azrev.pl?q=074944925X |
| 942 |
_aNBS _cBK _k332.644 SHI _2ddc |
||
| 999 |
_c345071 _d345071 |
||